Sports Quiz

Random Sports Quiz

100 RBI 90's Quiz Stats

 Plays Quiz not verified by Sporcle

Also try: NBA Brothers
Challenge
Share
Tweet
Embed
Score 0/151 Timer 13:00
0 Plays Today
Team Player % Correct
PiratesBarry Bonds
96%
GiantsBarry Bonds
96%
RangersJuan Gonzalez
95.6%
DiamondbacksLuis Gonzalez
95.6%
CardinalsMark McGwire
95.4%
AthleticsMark McGwire
95.4%
AstrosJeff Bagwell
95.2%
RangersIvan Rodriguez
95%
MarinersAlex Rodriguez
95%
ExposHenry Rodriguez
94.9%
MarinersKen Griffey
94.7%
CubsSammy Sosa
94.1%
RockiesLarry Walker
94.1%
MarinersEdgar Martinez
93.8%
MarinersTino Martinez
93.8%
YankeesTino Martinez
93.8%
IndiansMatt Williams
93.2%
DiamondbacksMatt Williams
93.2%
GiantsMatt Williams
93.2%
YankeesBernie Williams
93%
IndiansAlbert Belle
92.8%
OriolesAlbert Belle
92.8%
White SoxAlbert Belle
92.8%
IndiansManny Ramirez
92.3%
IndiansJim Thome
91.9%
Blue JaysJose Canseco
91.9%
AthleticsJose Canseco
91.9%
BravesChipper Jones
91.7%
DiamondbacksJay Bell
91.4%
AstrosDerek Bell
91.4%
White SoxGeorge Bell
91.2%
MetsMike Piazza
89.5%
DodgersMike Piazza
89.5%
White SoxFrank Thomas
89.3%
RockiesDante Bichette
89%
OriolesBrady Anderson
89%
ExposVladimir Guerrero
88.6%
IndiansRoberto Alomar
88.4%
Blue JaysJoe Carter
88.1%
PadresJoe Carter
87.9%
RedsGreg Vaughn
87.7%
AngelsMo Vaughn
87.7%
Red SoxMo Vaughn
87.7%
PadresGreg Vaughn
87.7%
RockiesTodd Helton
87.3%
OriolesCal Ripken
86.8%
TwinsKirby Puckett
86.8%
MarinersJay Buhner
86%
RockiesAndres Galarraga
85.8%
OriolesBobby Bonilla
85.8%
PiratesBobby Bonilla
85.8%
Team Player % Correct
BravesAndres Galarraga
85.8%
RockiesVinny Castilla
85.5%
DodgersGary Sheffield
85.3%
PadresGary Sheffield
85.3%
MarlinsGary Sheffield
85.3%
IndiansDavid Justice
84.7%
BravesDavid Justice
84.7%
RangersRafael Palmeiro
83.5%
OriolesRafael Palmeiro
83.5%
YankeesPaul O'Neill
82.5%
MetsHoward Johnson
82%
YankeesCecil Fielder
81.8%
TigersCecil Fielder
81.8%
CubsRyne Sandberg
81.6%
Blue JaysCarlos Delgado
80.7%
BravesFred McGriff
80.5%
PadresFred McGriff
80.5%
MetsDarryll Strawberry
79.4%
AngelsChili Davis
79.2%
Blue JaysPaul Molitor
78.5%
TwinsPaul Molitor
78.5%
AthleticsJason Giambi
78.1%
YankeesDerek Jeter
77.9%
Red SoxNomar Garciaparra
77.4%
GiantsJeff Kent
76.8%
GiantsWill Clark
76.1%
AngelsJim Edmonds
75.9%
TigersTony Clark
75.9%
Blue JaysJohn Olerud
75.6%
RockiesEllis Burks
75.6%
MetsJohn Olerud
75.6%
Blue JaysShawn Green
75.2%
AngelsTim Salmon
74.6%
AstrosMoises Alou
73.2%
MarlinsMoises Alou
73.2%
BravesRon Gant
72.4%
MetsEddie Murray
72.2%
Blue JaysDave Winfield
71.1%
PadresKen Caminiti
70.2%
RoyalsCarlos Beltran
69.5%
CubsAndre Dawson
67.8%
MetsRobin Ventura
67.8%
RoyalsMike Sweeney
67.8%
White SoxRobin Ventura
67.8%
DodgersEric Karros
67.8%
PhilliesDarren Daulton
67.8%
CardinalsRay Lankford
66.7%
PadresTony Gwynn
65.8%
IndiansCarlos Baerga
65.3%
RoyalsJermaine Dye
63.6%
RangersReuben Sierra
62.7%
Team Player % Correct
DiamondbacksSteve Finley
62.7%
AthleticsReuben Sierra
62.7%
PiratesBrian Giles
61%
RangersDean Palmer
60.8%
RoyalsDean Palmer
60.8%
TigersDean Palmer
60.8%
BravesJavy Lopez
60.7%
PhilliesScott Rolen
60.5%
IndiansRichie Sexson
60.1%
MarlinsJeff Conine
60.1%
TigersTravis Fryman
58.8%
BravesTerry Pendleton
58.5%
RoyalsDanny Tartabull
56.4%
White SoxDanny Tartabull
56.4%
YankeesDanny Tartabull
56.4%
BrewersJeromy Burnitz
55.9%
PiratesKevin Young
54%
MetsTodd Hundley
53.9%
Blue JaysKelly Gruber
51.8%
IndiansHarold Baines
51.1%
CardinalsBrian Jordan
50.4%
BravesBrian Jordan
50.4%
CardinalsTodd Zeile
50.2%
AthleticsTerry Steinbach
49.6%
White SoxMagglio Ordonez
49.3%
RoyalsJeff King
47.2%
PiratesJeff King
47.2%
MetsEdgardo Alfonzo
46.9%
TigersBobby Higginson
46.5%
TigersMickey Tettleton
45.4%
RangersRusty Greer
45%
AthleticsJohn Jaha
44.1%
BrewersJohn Jaha
44.1%
MetsBernard Gilkey
41.7%
Red SoxJohn Valentin
41.5%
AthleticsMatt Stairs
40.4%
OriolesB.J. Surhoff
39.7%
AngelsJ.T. Snow
36.9%
GiantsJ.T. Snow
36.9%
Blue JaysEd Sprague
36.4%
AstrosCarl Everett
36%
CardinalsFernando Tatis
34%
TwinsMarty Cordova
32.4%
AthleticsGeronimo Berroa
32.2%
Red SoxTroy O'Leary
32%
PhilliesRico Brogna
28.3%
TigersDamien Easley
27.2%
PadresPhil Plantier
25.7%
OriolesMike Devereaux
22.6%

You're not logged in!

Compare scores with friends on all Sporcle quizzes.
OR
Log In

You Might Also Like...

Show Comments

Extras

Created Mar 10, 2010ReportNominate

Top Quizzes Today


Score Distribution

Your Account Isn't Verified!

In order to create a playlist on Sporcle, you need to verify the email address you used during registration. Go to your Sporcle Settings to finish the process.

Report this User

Report this user for behavior that violates our Community Guidelines.

Details: